El contencioso contractual : (Registro nro. 6776)
[ vista simple ]
| 000 -LEADER | |
|---|---|
| fixed length control field | 01306 a2200241 4500 |
| 003 - CONTROL NUMBER IDENTIFIER | |
| control field | OSt |
| 005 - DATE AND TIME OF LATEST TRANSACTION | |
| control field | 20200803124445.0 |
| 008 - FIXED-LENGTH DATA ELEMENTS--GENERAL INFORMATION | |
| fixed length control field | 02003 cck g r s sp spa |
| 020 ## - INTERNATIONAL STANDARD BOOK NUMBER | |
| International Standard Book Number | 9588192382 |
| 040 ## - CATALOGING SOURCE | |
| Original cataloging agency | CO-JMCR |
| Transcribing agency | CO-JMCR |
| 041 0# - LANGUAGE CODE | |
| Language code of text/sound track or separate title | spa |
| 082 04 - DEWEY DECIMAL CLASSIFICATION NUMBER | |
| Classification number | 346.023 / |
| Item number | G643c |
| Edition number | 23 |
| 100 1# - MAIN ENTRY--PERSONAL NAME | |
| Personal name | Gonzalez Rodriguez, Miguel, |
| Relator term | autor |
| 9 (RLIN) | 8257 |
| 245 13 - TITLE STATEMENT | |
| Title | El contencioso contractual : |
| Remainder of title | (Controversias contractuales, art. 87 C.C.A.) |
| Statement of responsibility, etc. | Miguel González Rodríguez |
| 250 ## - EDITION STATEMENT | |
| Edition statement | Tercera edición |
| 260 ## - PUBLICATION, DISTRIBUTION, ETC. | |
| Place of publication, distribution, etc. | Bogotá : |
| Name of publisher, distributor, etc. | Ediciones Jurídicas Gustavo Ibñez, |
| Date of publication, distribution, etc. | 2003. |
| 300 ## - PHYSICAL DESCRIPTION | |
| Extent | 277 páginas ; |
| Dimensions | 23 cm. |
| 505 0# - FORMATTED CONTENTS NOTE | |
| Formatted contents note | Su historia -- Las fuentes de las controversias contractuales -- Características del contencioso contractual -- Objetivos de la acción contractual -- La que tiene por objetivo la revisión del precio -- Otras controversias relacionadas con el precio del contrato -- La nulidad de los actos administrativos contractuales -- El acto que declara desierta la licitación o concurso -- La resolución, la resciliación o terminación y cumplimiento -- La lección enorme -- El proceso arbitral -- El juicio ejecutivo contractual estatal |
| 650 24 - SUBJECT ADDED ENTRY--TOPICAL TERM | |
| Source of heading or term | Licitación |
| General subdivision | concurso |
| 9 (RLIN) | 8258 |
| 650 24 - SUBJECT ADDED ENTRY--TOPICAL TERM | |
| Source of heading or term | Contrato |
| General subdivision | Contencioso contractual |
| 9 (RLIN) | 8259 |
| 650 24 - SUBJECT ADDED ENTRY--TOPICAL TERM | |
| Source of heading or term | Acción contractual |
| 942 ## - ADDED ENTRY ELEMENTS (KOHA) | |
| Koha item type | Books |
| Source of classification or shelving scheme | Dewey Decimal Classification |
| Withdrawn status | Lost status | Source of classification or shelving scheme | Damaged status | Not for loan | Home library | Current library | Shelving location | Date acquired | Source of acquisition | Total Checkouts | Full call number | Barcode | Date last seen | Copy number | Price effective from | Koha item type |
|---|---|---|---|---|---|---|---|---|---|---|---|---|---|---|---|---|
| Dewey Decimal Classification | Biblioteca Pública José María del Castillo y Rada | Biblioteca Pública José María del Castillo y Rada | General Stacks | 04/15/2018 | Donación | 346.023 / G643c | 201809936 | 05/16/2024 | Ej.1 | 04/15/2018 | Books |